000 00162nam a22000857a 4500
082 _a823
100 _aANAND PAI
245 _aTHE PANDIT AND THE MILKMAID
942 _cBK
999 _c8334
_d8334